RADII OF STARLIKENESS AND CONVEXITY OF ANALYTIC FUNCTIONS SATISFYING CERTAIN COEFFICIENT INEQUALITIES

Bibliographic Details
Main Author: Ravichandran, V. (Author)
Format: Article
Language:English

MARC

LEADER 00000nab a2200000uu 4500
001 vtls011461197
003 SK-MaSNL
005 20260303151601.0
008 230222|2014 xo |||||||||||||||||eng|
015 |a SNBRB 
035 |a (urnnbn)urn:nbn:sk:snk:ar-a0ah6x 
035 |a (uuid)148caf4d-569e-4bd6-94f2-c1e1ef8a4171 
035 |a urn:nbn:sk:snk-abcuxg 
040 |a SNKBUCL  |b slo  |c SNKBUCL  |e AACR2 
041 0 |a eng 
044 |a xo  |c SK 
100 1 |a Ravichandran, V.  |4 aut  |9 1171327 
245 1 0 |a RADII OF STARLIKENESS AND CONVEXITY OF ANALYTIC FUNCTIONS SATISFYING CERTAIN COEFFICIENT INEQUALITIES  |c V. Ravichandran 
773 0 |t Mathematica Slovaca : (Tlačené vyd.)  |g Roč. 64, č. 1 (2014), s. [27]-38 
958 |a OND 
958 |a EUIPO 
958 |a article16 
999 |c 2018488  |d 2020418